000 00555nam a2200193Ia 4500
005 20250508160950.0
008 008 250505s9999 xx 000 0 eng d
037 _aTextual
040 _aFEDL
_beng
_cFEDL
041 _aeng
_2eng
084 _a025.4, PAR
_qFEDL
100 _aParkhi R S
245 0 _aLibrary classification: Evolution of a dynamic theory
260 _aDelhi, India
_bVikas Publishing House Pvt. Ltd.
_c1972
300 _a222p.
650 _aLibrary Science
942 _cTEXL
_h025.4, PAR
999 _c1367660
_d1367660